Power, gender and development: popular women's Organizations and the politics of needs in Ecuador /
Bewaard in:
| Hoofdauteur: | |
|---|---|
| Formaat: | Texto |
| Tags: |
Voeg label toe
Geen labels, Wees de eerste die dit record labelt!
|
MARC
| LEADER | 00000 a a2200000 04500 | ||
|---|---|---|---|
| 001 | 42874 | ||
| 003 | |||
| 040 | |||
| 100 | |a Lind, Amy Conger | ||
| 245 | |a Power, gender and development: |b popular women's Organizations and the politics of needs in Ecuador / |c Amy Conger Lind | ||
| 773 | |g páginas 134-149 | ||
| 999 | |c 29956 |d 29956 | ||
